000 00924cam a22002294a 4500
005 20250605164021.0
008 250528s ||||||||||||||||||||||||d
035 _a16339
020 _a697064557
040 _aGR-AtMCL
_bgre
_dGR-AtMCL
_eAACR2
245 1 _aThe Humanities in Western Culture / A Search for Human Culture
250 _a8th
260 _bWm. C. Brown Publishers,
_c1984
300 _a474
520 _aPrologue: An Introduction to Integrated Humanities, Ancient River-Valley Civilizations, Greece: Birthplace of Western Civilization, Rome: The International Culture, Judaism and Christianity, The Age of Faith, The Renaissance - 1350-1600, The Early Modern World - 1600-1789, The Middle Modern World - 1789-1914, The Twentieth Century.
700 1 _aCross Neal M
_92424
700 1 _aDavis Dale
_92425
700 1 _aLamm Robert C
_92426
942 _cBK
999 _c1850
_d1850